000 00597nam a2200181Ia 4500
001 11423
005 20260306162827.0
008 260306t1967||||xx |||||||||||||| ||spa||
041 _aESP
082 _a985.05
_bB25
100 _aBarra, Felipe de la
_eAUT
245 0 _aObjetivo:
_bpalacio de gobierno: Reseña histórico - cronologica de los pronunciamientos políticos y militares de la conquista a la república y que permitieron la ocupación del palacio de gobierno
260 _c1967
300 _a234 páginas :
_c24 cm.
650 _aGEN
654 _aCHU
942 _cLIB
_dJUS
_fJUS
_2ddc
_n
999 _c11423
_d11423